Quiz o Kaszubach - Statystyki

Ogólne statystyki
  • Ten quiz został rozwiązany 215 razy
  • Średni wynik to 9 z 17
Statystyki odpowiedzi
Pytanie Odpowiedź % Poprawnych
Na terenie którego województwa leżą Kaszuby? Pomorskiego
97%
Jaka jest kaszubska nazwa Kaszub? Kaszëbë | Kaszëbskô
91%
Co od 2005 r. można zdawać w języku kaszubskim? Maturę
91%
Które kolory znajdują się na fladze Kaszub? Czarny
90%
Jakie inne miasta uważają się za "stolicę" Kaszub? (wymień jedno z nich) Bytów | Kartuzy | Kościerzyna | Lębork | Puck | Wejherowo
85%
Jakie jest największe miasto, które jest uznawane za "stolicę" Kaszub? Gdańsk
73%
Które zwierzę znajduje się na herbie Kaszub? Gryf
60%
Złoty
59%
Jak nazywa się szczyt leżący w ww. regionie o wysokości 329 m n.p.m.? Wieżyca
52%
Jaką potoczną nazwę nosi najwyżej położona część Pojezierza Kaszubskiego? {Szwajcaria} Kaszubska
38%
Od której grupy wywodzą się Kaszubi? Pomorzan
35%
Jak nazywa się najbardziej znana pieśń kaszubska, mylnie uważana za hymn, która jest wyliczanką? (podaj kaszubską lub polską nazwę) Kaszëbsczé nótë
33%
Jak nazywał się niemiecki noblista z literatury kaszubskiego pochodzenia, który napisał "Blaszany bębenek"? Günter Grass
28%
Jak nazywa się największe i najgłębsze jezioro Pojezierza Kaszubskiego? Wdzydze
23%
Jak nazywał się pierwszy pisarz, który pisał swoje utwory w języku kaszubskim? Florian Ceynowa
20%
Zemia Rodnô
9%
Które pieśni uważa się za nieoficjalne hymny Kaszub? (podaj kaszubską lub polską nazwę) Kaszëbsczi marsz
8%
Nie znaleziono quizów pasujących do podanych kryteriów
Rozkład punktacji
Procent ludzi z każdym wynikiem
Percentyl według liczby udzielonych odpowiedzi
Twoja historia wyników
Nie rozwiązałeś tego quizu